| 000 | 00490nam a22001577a 4500 | ||
|---|---|---|---|
| 005 | 20180705100443.0 | ||
| 020 |
_a8189093673 _c0.00 |
||
| 035 | _aB-161998, B-161982 | ||
| 082 | _a651.3 | ||
| 100 | _aBhatia, R.C. | ||
| 245 |
_aPrinciple of Office Management _cby Bhatia.R.C |
||
| 260 |
_aNew Delhi _bLotus Press _c2005 |
||
| 270 |
_a4263/3, Ansari Road, Darta Ganj, New Delhi _bNew Delhi _e110002 |
||
| 300 |
_axvii, 411p. _c23cm, (Hb) |
||
| 942 |
_2ddc _cEN _h651.3 _mBHA |
||
| 999 |
_c152710 _d152710 |
||